Alle Pokémon anhand von Bildern erkennen - Einall - Statistiken

Allgemein
  • Dieses Quiz wurde 56 mal gespielt
  • Das Durchschnittsergebnis liegt bei 61 aus 154
Antwortstatistiken
Bildquiz Antwort % Korrekt
Serpifeu
80%
Duodino
73%
Lichtel
73%
Ottaro
73%
Zekrom
73%
Gelatwino
67%
Serpiroyal
67%
Siberio
67%
Unratütox
67%
Bissbark
60%
Elezeba
60%
Fleknoil
60%
Golgantes
60%
Kyurem
60%
Meloetta
60%
Monozyto
60%
Terribark
60%
Vegimak
60%
Emolga
53%
Fasasnob
53%
Ferkokel
53%
Floink
53%
Gelatini
53%
Gelatroppo
53%
Genesect
53%
Kleoparda
53%
Klikk
53%
Maxax
53%
Milza
53%
Rabigator
53%
Rotomurf
53%
Sodamak
53%
Viridium
53%
Wattzapf
53%
Zoroark
53%
Barschuft
47%
Boreos
47%
Caesurio
47%
Dusselgurr
47%
Echnatoll
47%
Mollimorba
47%
Morbitesse
47%
Nagelotz
47%
Picochilla
47%
Reshiram
47%
Rokkaiman
47%
Somniam
47%
Voltula
47%
Zebritz
47%
Zwottronin
47%
Admurai
40%
Bisofank
40%
Dressella
40%
Frigometri
40%
Furnifras
40%
Geronimatz
40%
Grillchita
40%
Grypheldis
40%
Irokex
40%
Jiutesto
40%
Kiesling
40%
Kobalium
40%
Laukaps
40%
Makabaja
40%
Maracamba
40%
Mebrana
40%
Meistagrif
40%
Ohrdoch
40%
Praktibalk
40%
Ramoth
40%
Schnuthelm
40%
Sesokitz
40%
Sharfax
40%
Skelabra
40%
Strawickl
40%
Swaroness
40%
Tarnpignon
40%
Terrakium
40%
Trikephalo
40%
Wie-Shu
40%
Zurokex
40%
Zytomega
40%
Branawarz
33%
Brockoloss
33%
Demeteros
33%
Deponitox
33%
Efoserp
33%
Felilou
33%
Flambirex
33%
Folikon
33%
Golbit
33%
Grillmak
33%
Hutsassa
33%
Klikdiklak
33%
Kronjuwild
33%
Kukmarda
33%
Laternecto
33%
Lilminip
33%
Mamolida
33%
Megalon
33%
Navitaub
33%
Piccolente
33%
Rollum
33%
Schallquap
33%
Sedimantur
33%
Shardrago
33%
Skallyk
33%
Sodachita
33%
Stalobor
33%
Strepoli
33%
Symvolara
33%
Vegichita
33%
Voltolos
33%
Washakwil
33%
Yorkleff
33%
Zorua
33%
Cavalanzas
27%
Cerapendra
27%
Chillabell
27%
Elfun
27%
Fermicula
27%
Flampion
27%
Flampivian
27%
Fletiamo
27%
Flunschlik
27%
Ganovil
27%
Gladiantri
27%
Hydragil
27%
Ignivor
27%
Kapuno
27%
Karadonis
27%
Kastadur
27%
Keldeo
27%
Kliklak
27%
Matrifol
27%
Pygraulon
27%
Tentantel
27%
Toxiped
27%
Waumboll
27%
Zapplarang
27%
Aeropteryx
20%
Apoquallyp
20%
Castellith
20%
Flapteryx
20%
Galapaflos
20%
Karippas
20%
Lithomith
20%
Mitodos
20%
Petsnief
20%
Quabbel
20%
Somnivora
20%
Mollimorba
13%
Zapplalek
13%
Zapplardin
13%
Keine übereinstimmenden Quizze gefunden
Verteilung der Resultate
Anzahl Personen mit jedem Resultat
Perzentil nach korrekt beantworteten Fragen
Ihre Resultats-Entwicklung
Sie haben dieses Quiz noch nicht gespielt